| 000 | 00630nam a2200205 a 4500 | ||
|---|---|---|---|
| 005 | 20240806064113.0 | ||
| 008 | 991125s1984 es 000 0 spa u | ||
| 020 | _a8475093078 | ||
| 035 | _aUPN01000006689 | ||
| 049 | _aCG | ||
| 050 | 4 |
_aRC530 _bA3.28 1984 |
|
| 100 | 1 |
_aAdler, Alfred, _d1870-1937 |
|
| 245 | 1 | 3 |
_aEl carácter neurótico / _cAlfred Adler ; supervisión, notas, introd. y apénd. de Jaime Bernstein ; tr. Von Ritter-Zahony. |
| 260 |
_aBarcelona, Esp. : _bPaidós, _c1984. |
||
| 300 | _a365 p. | ||
| 440 | 0 |
_aPaidós studio ; _v46 |
|
| 650 | 4 |
_aNEUROSIS _99378 |
|
| 650 | 4 |
_aPsicoanálisis _91572 |
|
| 905 | _aLibro | ||
| 999 |
_c6689 _d6689 |
||